000 00914nam a2200241Ii 4500
003 JO-AjNU
008 230605s9999||||xx |||||||||||||| ||und||
017 _a2006/5447
020 _a977-6119-79-4
040 _aJO-AjNU
_bara
_erda
_cJO-AjNU
041 _aara
050 1 4 _aDT95.7.S24 2006
100 3 _aتاليف: الصلابي،علي محمد,
_eauthor
_960704
245 0 0 _aالدولة الفاطمية
250 _aالطبعة الاولى
264 3 1 _aالقاهرة: مؤسسة اقرأ للنشر والتوزيع، 2006
300 _a175ص
_bيحتوي على ببلوغرافيا من ص 173-175ص
336 _atext
_btxt
_2rdacontent
337 _aunmediated
_bn
_2rdamedia
338 _avolume
_bnc
_2rdacarrier
490 0 _aسلسلة صفحات من التاريخ الاسلامي في الشمال الافريقي
650 4 _aمصر -تاريخ- العصر الفاطمي
_960705
999 _aA27388
_c30956
_d30956